000 00504nam a2200169Ia 4500
008 230917s9999||||xx |||||||||||||| ||und||
020 _cRS190
040 _e14360
_aMAIN
041 _aEnglish
082 _a005.133 G173T
100 _aGottfriEd, Byron S
245 0 _aTheory and problems of programming with pascal: With emphasis on turbo pascal and with features of standard ansi pascal
250 _a2nd ed.
260 _aNew York
_bTata McGraw-Hill
_c1996
300 _aviii, 428 p.
942 _cBK
999 _c97242
_d97242